Computing with logic. Logic programming with Prolog

Bibliographic Details
Main Authors: Móri, Imrich (Author), Maier, David (Author), Warren, David S. (Author)
Format: Article
Language:English
Subjects:

MARC

LEADER 00000nab a2200000 a 4500
001 vtls000447989
003 SK-MaSNL
005 20260318122607.0
008 230217c1991 xo 0 eng
015 |a SNBRB19rr/mm-uuuuu 
035 |a CL0448120 
035 |a urn:nbn:sk:snk-ab1q6b 
035 |a (urnnbn)urn:nbn:sk:snk:ar-004y17 
035 |a (uuid)ae68218b-8a46-4e82-98c1-2132e5e7164e 
040 |a SNKBUCL  |b slo  |c SNKBUCL  |e AACR2 
041 0 |a eng 
044 |a xo  |c SK 
080 |a 519.68  |2 1981 
100 1 |a Móri, Imrich  |4 aut  |9 772326 
245 1 0 |a Computing with logic. Logic programming with Prolog  |c Imrich Móri 
650 0 7 |a logické programovanie  |2 snkbucl  |9 1860 
650 0 7 |a programovacie jazyky  |2 snkbucl  |9 1838 
650 0 7 |a Prolog (programovací jazyk)  |2 snkbucl  |9 81967 
655 7 |a články z novín a časopisov  |2 snkbucl  |9 267496 
700 1 |a Maier, David  |4 aut  |9 1542032 
700 1 |a Warren, David S.  |4 aut  |9 1542033 
773 0 |t Computers and artificial intelligence  |g Roč. 10, č. 2 (1991), s. 179-180 
787 0 8 |i Rec.:  |a Maier, David  |t Computing with Logic. Logic Programming with Prolog : The Benjamin/Cummings Publ. Comp., Inc., 1988 
850 |a Slovenská národná knižnica v Martine  |a MTA001 
852 |a SNK  |b KIS3GCP 
958 |a RK 
958 |a OND 
958 |a EUIPO 
958 |a article27 
992 |a RBX 
999 |c 3127067  |d 3128997